| 000 | 01395nam a2200361 i 4500 | ||
|---|---|---|---|
| 001 | 000025687 | ||
| 003 | DO-SdBNP | ||
| 005 | 20250717074016.0 | ||
| 007 | ta | ||
| 008 | 100811s1995 dr a 001 0 spa d | ||
| 040 |
_aDO-SdBNP _bspa _cBNPHU _erda |
||
| 041 | _hspa | ||
| 082 | 4 |
_aRD864.44 _bS267s _222 |
|
| 100 | 1 |
_aSaviñón, José Angel, _d1917- _eautor _4aut. _952455 |
|
| 245 | 1 | 0 |
_aSaudade : _bpicadillos de lucero / _cJosé Angel Saviñón ; prólogo, Honorina Tirado de Saviñón. |
| 264 | 4 |
_aSanto Domingo : _bBiblioteca Nacional Pedro Henríquez Ureña (BNPHU), _c©1995. |
|
| 300 |
_a146 páginas : _bilustraciones ; _c23 cm. |
||
| 336 |
_atexto _btxt _2rdacontent |
||
| 337 |
_asin mediación _bn _2rdamedia |
||
| 338 |
_avolumen _bnc _2rdacarrier |
||
| 490 | 1 | _aColección Orfeo: 2ª Etapa | |
| 490 | 1 |
_aSerie Bibliográfica ; _v2 |
|
| 500 | _aIncluye datos biográficos del autor en las solapas. | ||
| 590 | _aInventariado, 2024/BT | ||
| 650 | 4 |
_aEnsayos dominicanos _965 |
|
| 650 | 7 |
_aLiteratura dominicana. _967 _2LEMB |
|
| 650 | 7 |
_aDiarios dominicanos _xSecciones, columnas, etc. _944 _2LEMB |
|
| 700 | 1 |
_aTirado de Saviñón, Honorina, _eprologuista _4pr. _952456 |
|
| 710 | 2 |
_aBiblioteca Nacional Pedro Henríquez Ureña _981292 |
|
| 830 | 0 |
_aColección Orfeo: 2ª Etapa _pSerie Bibliográfica _n2 _952457 |
|
| 910 | _aValidado. Control de calidad EMS | ||
| 942 |
_2ddc _cLBS1 |
||
| 999 |
_c25179 _d25179 |
||